[Event "Sydney NSW op"]
[Site "Sydney"]
[Date "2024.06.09"]
[Round "5"]
[White "Stalker, Ian"]
[Black "Bayasgalan, Khishigbaatar"]
[Result "0-1"]
[WhiteElo "1866"]
[BlackElo "2169"]
[PlyCount "56"]
[EventDate "2024.06.07"]
[EventType "tourn"]
[EventRounds "7"]
[EventCountry "AUS"]
[SourceTitle "CBM 220 Extra"]
[Source "ChessBase"]
[SourceDate "2024.07.31"]
[SourceVersion "1"]
[SourceVersionDate "2024.07.31"]
[SourceQuality "1"]

1. e4 e6 2. d4 d5 3. Nd2 dxe4 4. Nxe4 Nd7 5. Bd3 Ngf6 6. Qe2 c5 7. Nxf6+ Nxf6 8. dxc5 Bxc5 9. Nf3 Qc7 10. 0-0 Bd6 11. c4 b6 12. b3 Bb7 13. Bb2 h5 14. h3 h4 15. Nd4 Bc5 16. Rad1 Rh6 17. Rfe1 Kf8 18. a3 a5 19. Bc2 Re8 20. Rd2 Nh5 21. Be4 Nf4 22. Qf3 Rg6 23. Bxb7 Nxg2 24. Qxg2 Qxb7 25. Qxg6 fxg6 26. Nxe6+ Kg8 27. Rde2 Qf3 28. Ng5 Qxe2 0-1